Harry Potter - Statistiques

Statistiques générales
  • Ce quiz a été pris 51 fois
  • Le résultat moyen est 13 sur 26
Statistiques - réponses
Phrase Réponse % Correct
Chouette blanche de Harry Hedwige
79%
Matière de McGonagall Métamorphose
76%
Créature magique dont le sang est couleur argent Licorne
73%
Nom célèbre de Harry Potter
73%
La marque du premier balai de Harry Nimbus 2000
70%
Elfe de maison des Black Kreattur
67%
Professeure détestée qui s'habille en rose Ombrage
67%
Centaure professeur Firenze
64%
Il a tenté de faire revivre Lord Voldemort sur sa tête Quirrell
58%
Balle de Quidditch Souaffle
58%
École participant aux tournois des Trois Sorciers Durmstrang
52%
Un des trois sorts dit impardonnables Endoloris
52%
Famille aimante et chaleureuse Weasley
52%
Gobelin Gripsec
48%
Père de Luna Xenophilius
45%
Deux frères fans de Harry Crivey
42%
Objet magique d'Hermione Retourneur de Temps
42%
Brevet ____ de Sorcellerie Élementaire Universel
39%
Sortilèges de feu Incendio
36%
Fidèle ami des jumeaux Jordan
36%
Une élève de Poufsouffle Abbot
27%
Poursuiveur dans l'équipe de Quidditch de Gryffondor Bell
27%
Professeure loufoque Trelawney
21%
Mangemort (Corban) Yaxley
21%
Boutique de farces et attrapes Zonko
21%
Professeur d'Arithmancie Vector
12%
Aucun quiz correspondant
Distribution des résultats
% des personnes avec chaque résultat
Percentile par nombre de réponses
Votre historique - résultats
Vous n’avez pas pris ce quiz